Prueba de San Luis - Estadísticas

Estadísticas generales
  • Esta prueba ha sido intentada 14 veces
  • La puntuación promedio es 6 de 15
Estadísticas de respuestas
Pregunta Respuesta % Correcto
Capital San Luis
100%
Gentilicio Sanluiseño
85%
Nombres de los hermanos Rodríguez-Saa Alberto
77%
Pertenece a esta región para el desarrollo económico y social Cuyo
69%
Completa: San Luis de la _____ de los Venados Nueva Medina del Río Seco Punta
69%
Nombres de los hermanos Rodríguez-Saa Adolfo
62%
Apodo del boxeador José María Gatica El Mono
46%
El patrón es San Luis. ¿De dónde fue rey? Francia
46%
Segunda ciudad más poblada Villa Mercedes
46%
Tipo de cosa nombrado por Rosendo Hernández Autódromo
23%
Comunidad indígena en ese parque Huarpes
8%
Parque nacional del «Potrero de la Aguada» Sierra de las Quijadas
8%
Subespecie de serpiente, llamada Boa constrictor occidentalis Boa de las {vizcacheras}
0%
Un departamento cambió su nombre desde La Capital para honrar esta figura histórica Juan Martín de Pueyrredón
0%
Este conjunto de edificios se sostiene por la energía solar fotovoltaico Terrazas de {Portezuelo}
0%
No se encontraron pruebas coincidentes
Distribución de puntuación
Porcentaje de gente con cada puntuación
Porcentaje por número respondido
Historial de tus puntuaciones
No has intentado esta prueba.